000
00295nam a2200109Ia 4500
008
200302s9999 xx 000 0 und d
100
_a
Rainer Hascher & Others
245
_a
A Design Manual Office Buildings
260
_b
Birkhauser Publishers for Architecture
260
_c
2002
300
_a
264 P.,
999
_c
2729
_d
2729